Employability of the graduates of the Bachelor of Science in Industrial Education (BSIE) and Bachelor of Science in Industrial Technology (BSIT) of Cavite State University-Rosario S.Y. 2001-2002 and 2002-2003 (Record no. 3977)
[ view plain ]
| 000 -LEADER | |
|---|---|
| fixed length control field | 01376nam a22002777a 4500 |
| 003 - CONTROL NUMBER IDENTIFIER | |
| control field | OSt |
| 005 - DATE AND TIME OF LATEST TRANSACTION | |
| control field | 20250405041815.0 |
| 008 - FIXED-LENGTH DATA ELEMENTS--GENERAL INFORMATION | |
| fixed length control field | 250324b ||||| |||| 00| 0 eng d |
| 040 ## - CATALOGING SOURCE | |
| Language of cataloging | English. |
| Transcribing agency | CvSU-CCAT Campus Library. |
| Description conventions | rda. |
| 050 ## - LIBRARY OF CONGRESS CALL NUMBER | |
| Classification number | UM HF 5381 |
| Item number | J38 2006 |
| 100 ## - MAIN ENTRY--PERSONAL NAME | |
| Personal name | Javier, Cherie May Y., author. |
| 9 (RLIN) | 15521 |
| 245 ## - TITLE STATEMENT | |
| Title | Employability of the graduates of the Bachelor of Science in Industrial Education (BSIE) and Bachelor of Science in Industrial Technology (BSIT) of Cavite State University-Rosario S.Y. 2001-2002 and 2002-2003 |
| Statement of responsibility, etc. | Cherie May Y. Javier and Michelle T. Santiago. |
| 260 ## - PUBLICATION, DISTRIBUTION, ETC. | |
| Place of publication, distribution, etc. | Rosario, Cavite : |
| Name of publisher, distributor, etc. | Cavite State University-CCAT Campus, |
| Date of publication, distribution, etc. | 2006 |
| 300 ## - PHYSICAL DESCRIPTION | |
| Extent | ix, 29 leaves : |
| Other physical details | illustrations ; |
| Dimensions | 28 cm |
| 500 ## - GENERAL NOTE | |
| General note | Undergraduate Thesis (BSIE Major in Foods and Garments) -- Cavite State University-CCAT Campus, 2006. |
| 504 ## - BIBLIOGRAPHY, ETC. NOTE | |
| Bibliography, etc. note | Includes bibliographical references and appendices. |
| 546 ## - LANGUAGE NOTE | |
| Language note | In English text |
| 650 ## - SUBJECT ADDED ENTRY--TOPICAL TERM | |
| Topical term or geographic name entry element | Employability of graduates. |
| 9 (RLIN) | 15986 |
| 650 ## - SUBJECT ADDED ENTRY--TOPICAL TERM | |
| Topical term or geographic name entry element | BSIE graduates -- CvSU, Rosario Campus -- Academic Year 2001-2002. |
| 9 (RLIN) | 15987 |
| 650 ## - SUBJECT ADDED ENTRY--TOPICAL TERM | |
| Topical term or geographic name entry element | BSIT graduates -- Employability. |
| 9 (RLIN) | 15988 |
| 650 ## - SUBJECT ADDED ENTRY--TOPICAL TERM | |
| Topical term or geographic name entry element | Graduate employment. |
| 9 (RLIN) | 15370 |
| 700 ## - ADDED ENTRY--PERSONAL NAME | |
| Personal name | Santiago, Michelle T., author. |
| 9 (RLIN) | 15522 |
| 700 ## - ADDED ENTRY--PERSONAL NAME | |
| Personal name | Dulce, Nora N., adviser. |
| 9 (RLIN) | 14393 |
| 942 ## - ADDED ENTRY ELEMENTS (KOHA) | |
| Source of classification or shelving scheme | Library of Congress Classification |
| Koha item type | Thesis/Manuscripts/Dissertations |
| Call number prefix | UM |
| Classification part | HF 5381 J38 2006 |
| Withdrawn status | Lost status | Source of classification or shelving scheme | Damaged status | Not for loan | Collection code | Home library | Current library | Shelving location | Date acquired | Coded location qualifier | Full call number | Barcode | Date last seen | Copy number | Price effective from | Koha item type |
|---|---|---|---|---|---|---|---|---|---|---|---|---|---|---|---|---|
| Library of Congress Classification | Thesis/Manuscript/Dissertation | Cavite State University - CCAT Campus | Cavite State University - CCAT Campus | TH | 03/20/2007 | UM | UM HF 5381 J38 2006 | T0000326 | 10/24/2025 | 1 | 03/24/2025 | Thesis/Manuscripts/Dissertations |
